| 000 | 00000nam 2200000za 4500 |
| 001 | 9.819250 |
| 003 | CaOODSP |
| 005 | 20221107142921 |
| 007 | cr ||||||||||| |
| 008 | 160705s2016 oncbd ob f000 0 eng d |
| 020 | |a978-0-660-05651-7 |
| 040 | |aCaOODSP|beng |
| 041 | |aeng|bfre |
| 043 | |an-cn--- |
| 086 | 1 |aFs97-6/3171E-PDF |
| 245 | 00|aSpecies distribution modelling of corals and sponges from research vessel survey data in the Newfoundland and Labrador region for use in the identification of significant benthic areas |h[electronic resource] / |cby J. Guijarro … [et al.]. |
| 246 | 1 |iTitle at head of French abstract: |aModélisation de la répartition des espèces de coraux et d'éponges à partir des données des relevés par navire de recherche dans la région de Terre-Neuve-et-Labrador aux fins d'utilisation dans la détermination des zones benthiques importantes. |
| 260 | |a[Ottawa] : |bFisheries and Oceans Canada, |cc2016. |
| 300 | |avi, 126 p. : |bill. |
| 490 | 1 |aCanadian technical report of fisheries and aquatic sciences, |x1488-5379 ; |v3171 |
| 504 | |aIncludes bibliographical references (p. 98-102). |
| 692 | 07|2gccst|aAquatic ecosystems |
| 692 | 07|2gccst|aAquatic wildlife |
| 692 | 07|2gccst|aBiomass |
| 692 | 07|2gccst|aModelling |
| 700 | 1 |aGuijarro, J.|q(Javier) |
| 710 | 1 |aCanada. |bDepartment of Fisheries and Oceans. |
| 830 | #0|aCanadian technical report of fisheries and aquatic sciences,|x1488-5379 ; |v3171|w(CaOODSP)9.504449 |
| 856 | 40|qPDF|s16.06 MB|uhttps://publications.gc.ca/collections/collection_2016/mpo-dfo/Fs97-6-3171-eng.pdf |